000 00391cam a22001217a 4500
008 180718b2000 xxu||||| |||| 00| 0 eng d
082 _aA75 An24P
245 _aAndhra Pradesh district gazetteers: Prakasam
_cedited by K. Sukhender Reddy
260 _aHyderabad
_bAndhra Pradesh District Gazetteers
_c2000
300 _a726+p.
650 _aPrakasam - Gazetteers
700 _aReddy, K. Sukhender
999 _c478815
_d478815